| 000 | 01594cam a2200361 a 4500 | ||
|---|---|---|---|
| 001 | 4065 | ||
| 003 | BD-DhEWU | ||
| 005 | 20190304160448.0 | ||
| 008 | 990225s1998 ii b 101 0 eng | ||
| 010 | _a 98917759 | ||
| 025 | _aI-E-98-917759; 79-08 | ||
| 035 | _a45618528 (OCoLC) | ||
| 040 |
_aDLC _cDLC _dDLC _beng |
||
| 041 | _aeng | ||
| 050 | 0 | 0 |
_aHC430.6 _b.M37 1998 |
| 082 |
_222 _a338.009 _bMAN 1998 |
||
| 245 | 0 | 0 |
_aManaging economic liberalisation in South Asia : _bdirections for the 21st century / _cedited by C. Jayachandran, N. Balasubramanian, S.M. Dastagir. |
| 260 |
_aNew Delhi : _bMacmillan India, _cc1998. |
||
| 300 |
_axii, 808 p. : _c25 cm. |
||
| 504 | _aIncludes bibliographical references and index. | ||
| 520 | _aContributed articles presented at the South Asia Conference Managing Economic Liberalisation in South Asia: Directions for the 21st Century, Chennai, India, August 10-13, 1998. | ||
| 526 | _aEconomics | ||
| 590 | _aShaharima Parvin | ||
| 650 | 0 |
_aLiberalism _zSouth Asia _vCongresses. _95833 |
|
| 651 | 0 |
_aSouth Asia _xEconomic policy _vCongresses. _95834 |
|
| 700 | 1 |
_aJayachandran, C. _95835 |
|
| 700 | 1 |
_aBalasubramanian, N. _95836 |
|
| 700 | 1 |
_aDastagir, S. M. _95837 |
|
| 711 | 2 |
_aSouth Asia Conference Managing Economic Liberalisation in South Asia: Directions for the 21st Century _d(1998 : _cChennai, India) _95838 |
|
| 856 | 4 | 2 |
_3WorldCat details _uhttp://www.worldcat.org/title/managing-economic-liberalisation-in-south-asia-directions-for-the-21st-century/oclc/45618528&referer=brief_results |
| 942 |
_2ddc _cTEXT |
||
| 999 |
_c4065 _d4065 |
||
| 999 |
_c4065 _d4065 |
||